[Event "Sparkassen-Open A"]
[Site "Heusenstamm, Martinsee"]
[Date "2017.11.24"]
[Round "2.91"]
[White "Schmitt, Carsten"]
[Black "Rüll, Michael"]
[Result "1-0"]
[WhiteElo "1962"]
[BlackElo "1801"]
[PlyCount "63"]
[EventDate "2017.??.??"]
[WhiteTeam "SV Bergwinkel"]
[BlackTeam "SC Obertshausen"]

1. c4 Nf6 2. g3 g6 3. Bg2 Bg7 4. Nc3 d6 5. e4 e5 6. Nge2 Nc6 7. d3 O-O 8. O-O
Nh5 9. Be3 f5 10. Qd2 f4 11. gxf4 exf4 12. Nxf4 Nxf4 13. Bxf4 Nd4 14. Bg5 Qe8
15. f3 Rf7 16. Rae1 Qe5 17. Ne2 Nc2 18. Rb1 Qc5+ 19. Kh1 Nd4 20. Be3 a5 21. b3
Qa7 22. Rf2 c5 23. Nxd4 Bxd4 24. Rbf1 Bxe3 25. Qxe3 b6 26. f4 Qe7 27. e5 Bb7
28. Bd5 Re8 29. Qf3 Kh8 30. exd6 Bxd5 31. Qxd5 Qe6 32. Qe5+ 1-0

[Event "Sparkassen-Open A"]
[Site "Heusenstamm, Martinsee"]
[Date "2017.11.24"]
[Round "2.92"]
[White "Deutsch, Christoph"]
[Black "Prill, Gerhard"]
[Result "1/2-1/2"]
[WhiteElo "1788"]
[BlackElo "1960"]
[PlyCount "38"]
[EventDate "2017.??.??"]
[WhiteTeam "SK Gründau"]
[BlackTeam "SC Heitersheim"]

1. e4 e5 2. Nf3 Nc6 3. Bc4 Nf6 4. d3 Bc5 5. c3 a6 6. Bb3 d6 7. O-O Qe7 8. Nbd2
O-O 9. h3 Bb6 10. Re1 Bd7 11. Nf1 Rae8 12. Ng3 Be6 13. Bc2 Kh8 14. Qe2 Ng8 15.
Be3 Bxe3 16. Qxe3 Nh6 17. d4 Bc8 18. Rad1 Qf6 19. Qe2 g6 1/2-1/2

[Event "Sparkassen-Open A"]
[Site "Heusenstamm, Martinsee"]
[Date "2017.11.24"]
[Round "2.93"]
[White "Spelleken, Hans-Gerd"]
[Black "Berberich, Christoph"]
[Result "0-1"]
[WhiteElo "1784"]
[BlackElo "1958"]
[PlyCount "70"]
[EventDate "2017.??.??"]
[WhiteTeam "SF Dettingen"]
[BlackTeam "SGEM Dreisamtal"]

1. Nf3 c5 2. c3 g6 3. d4 cxd4 4. cxd4 Bg7 5. Nc3 d5 6. Bf4 Nc6 7. e3 a6 8. Qb3
Nf6 9. Bd3 O-O 10. h3 Na5 11. Qc2 Bd7 12. Rc1 Rc8 13. O-O b5 14. Qe2 Qb6 15.
Ne5 Be6 16. g4 Rfd8 17. Kg2 Nd7 18. Nf3 f6 19. e4 dxe4 20. Bxe4 Bc4 21. Bd5+ e6
22. Bxc4 Rxc4 23. b3 Rcc8 24. d5 e5 25. Be3 Qb7 26. Qd2 Nb6 27. d6 b4 28. Bxb6
bxc3 29. Rxc3 Rxc3 30. Qxc3 Qxb6 31. d7 Rxd7 32. b4 Nc6 33. Qc4+ Rf7 34. Qe6
Qb7 35. a3 Nd4 0-1

[Event "Sparkassen-Open A"]
[Site "Heusenstamm, Martinsee"]
[Date "2017.11.24"]
[Round "2.94"]
[White "Degenhardt, Andreas"]
[Black "Becker, Peter"]
[Result "1/2-1/2"]
[WhiteElo "1775"]
[BlackElo "1952"]
[PlyCount "79"]
[EventDate "2017.??.??"]
[WhiteTeam "SC Lorsch"]
[BlackTeam "SF Schöneck"]

1. d4 Nf6 2. Nf3 c5 3. e3 g6 4. Bd3 d5 5. c3 c4 6. Bc2 Bg7 7. Nbd2 O-O 8. O-O
Bg4 9. h3 Bd7 10. Re1 b5 11. e4 Nc6 12. e5 Ne8 13. Nf1 Nc7 14. Ng3 f5 15. Ne2
e6 16. Bg5 Qe8 17. Qd2 Na6 18. Ng3 Nd8 19. h4 Nf7 20. Be3 h6 21. Ne2 Kh7 22. g3
Rg8 23. Kg2 Bf8 24. Rh1 Be7 25. Rh2 b4 26. Ne1 bxc3 27. bxc3 Ba4 28. Rh1 Bxc2
29. Nxc2 Rb8 30. Rhb1 Qa4 31. a3 Rb3 32. Nc1 Rxb1 33. Rxb1 Rb8 34. Ra1 Rb2 35.
Ra2 Rb6 36. Nb4 Nc7 37. Ne2 a5 38. Nc2 Rb3 39. Qc1 Nb5 40. Qa1 1/2-1/2

[Event "Sparkassen-Open A"]
[Site "Heusenstamm, Martinsee"]
[Date "2017.11.24"]
[Round "2.95"]
[White "Junker, Christian"]
[Black "Bengsch, Norbert"]
[Result "1-0"]
[WhiteElo "1952"]
[BlackElo "1799"]
[PlyCount "89"]
[EventDate "2017.??.??"]
[WhiteTeam "SV Neu-Isenburg"]
[BlackTeam "SG Donautal Tuttlingen"]

1. Nf3 Nf6 2. g3 d5 3. d3 c5 4. Nbd2 Nc6 5. Bg2 e5 6. e4 dxe4 7. dxe4 Be7 8.
O-O Bg4 9. h3 Bxf3 10. Qxf3 Nd4 11. Qd1 Qc7 12. c3 Nc6 13. Qe2 O-O 14. Re1 a6
15. a4 Rab8 16. Nf1 Na5 17. Bg5 Rfd8 18. Ne3 Nb3 19. Bxf6 Bxf6 20. Rab1 Qc6 21.
Nd5 Kf8 22. h4 Qxa4 23. Qh5 h6 24. g4 Rd6 25. g5 Be7 26. Re3 Qe8 27. Rbe1 f6
28. Qf3 Nd2 29. Qe2 Nb3 30. gxh6 gxh6 31. Rg3 Qf7 32. Rf3 Rc8 33. Rf5 c4 34.
Bh3 Rcc6 35. Qe3 Nc5 36. Bg2 Nd3 37. Rb1 Nf4 38. Nxf4 exf4 39. Qxf4 Rd3 40.
Qxh6+ Qg7 41. Qh5 Bd6 42. Kh1 Rd2 43. Rg1 Rxf2 44. Rxf2 Qg3 45. Rxf6+ 1-0

[Event "Sparkassen-Open A"]
[Site "Heusenstamm, Martinsee"]
[Date "2017.11.24"]
[Round "2.96"]
[White "Pabel, Ralph"]
[Black "Haller, Luis"]
[Result "1-0"]
[WhiteElo "1950"]
[BlackElo "1711"]
[PlyCount "77"]
[EventDate "2017.??.??"]
[WhiteTeam "SK Mainaschaff"]
[BlackTeam "SF Konz-Karthaus"]

1. d4 d5 2. c4 c6 3. e3 Nf6 4. Nc3 e6 5. Qc2 Nbd7 6. cxd5 exd5 7. Bd3 Bd6 8.
Nge2 Qc7 9. h3 b6 10. O-O Bb7 11. a3 h6 12. f3 Nh5 13. e4 Bh2+ 14. Kh1 Ng3+ 15.
Nxg3 Bxg3 16. Ne2 Rc8 17. e5 Bh4 18. Bf4 Qd8 19. Qa4 a5 20. Rac1 b5 21. Qc2 Qb6
22. Bf5 Rd8 23. e6 Nf8 24. exf7+ Kxf7 25. Be5 Bf6 26. f4 g6 27. Bd3 Rg8 28.
Rce1 Re8 29. b4 axb4 30. axb4 Nd7 31. Nc1 Ra8 32. Nb3 Ra4 33. Bd6 Bc8 34. Re2
Qa6 35. Rfe1 Bh4 36. Re7+ Bxe7 37. Rxe7+ Kf6 38. Qe2 Ra1+ 39. Kh2 1-0

[Event "Sparkassen-Open A"]
[Site "Heusenstamm, Martinsee"]
[Date "2017.11.24"]
[Round "2.97"]
[White "Boder, Jan"]
[Black "Schindelmeiser, Frank"]
[Result "0-1"]
[WhiteElo "1756"]
[BlackElo "1944"]
[PlyCount "114"]
[EventDate "2017.??.??"]
[WhiteTeam "SG Mörsdorf-Lahr"]
[BlackTeam "SV Oberursel"]

1. b3 e6 2. Bb2 Nf6 3. e3 c5 4. f4 Nc6 5. Nf3 d5 6. Bb5 a6 7. Bxc6+ bxc6 8. O-O
Be7 9. d3 O-O 10. Ne5 Qb6 11. Rf3 a5 12. Rg3 g6 13. h4 h5 14. Nc3 Kh7 15. Na4
Qc7 16. Qe2 Ba6 17. Rh3 Bb5 18. Nc3 a4 19. g4 a3 20. Bc1 Bd6 21. Nxb5 cxb5 22.
gxh5 Bxe5 23. fxe5 Qxe5 24. hxg6+ fxg6 25. Rb1 Nh5 26. Qg2 Qc3 27. Qd2 Qf6 28.
Qg2 Ra7 29. Rh1 b4 30. Bd2 Raf7 31. d4 Qe7 32. Qg5 Qc7 33. e4 Qg3+ 34. Qxg3
Nxg3 35. Rh2 Nxe4 36. dxc5 Nxd2 37. Rxd2 Rf4 38. Re1 Rg4+ 39. Rg2 Re4 40. Rxe4
dxe4 41. Re2 Rc8 42. Rxe4 Rxc5 43. Rc4 Rxc4 44. bxc4 Kg7 45. Kf2 Kf6 46. Kf3
Ke5 47. Ke3 Kd6 48. Kd4 e5+ 49. Ke4 Kc5 50. Kxe5 Kxc4 51. Kd6 Kc3 52. Kc5 Kb2
53. Kxb4 Kxa2 54. c4 Kb2 55. c5 a2 56. c6 a1=Q 57. c7 Qc1 0-1

[Event "Sparkassen-Open A"]
[Site "Heusenstamm, Martinsee"]
[Date "2017.11.24"]
[Round "2.98"]
[White "Meyer, Marcel"]
[Black "Herlan, Klaus-Jürgen"]
[Result "0-1"]
[WhiteElo "1751"]
[BlackElo "1931"]
[PlyCount "74"]
[EventDate "2017.??.??"]
[WhiteTeam "SC Herborn"]
[BlackTeam "SK Marmstorf"]

1. d4 d5 2. Nf3 Nf6 3. c4 c6 4. Nc3 a6 5. e3 e6 6. Bd3 b5 7. c5 Nbd7 8. b4 a5
9. Ba3 Qc7 10. O-O Be7 11. Nd2 e5 12. f4 e4 13. Be2 a4 14. g4 h6 15. Qe1 Nf8
16. Qg3 Qd7 17. h3 Bd8 18. Rf2 Bc7 19. Qg2 Ng6 20. Bc1 Nh4 21. Qh1 h5 22. g5
Ng8 23. Nf1 Ne7 24. Ng3 g6 25. Bd2 Nef5 26. Nxf5 Nxf5 27. Rg2 Qe7 28. Rf1 h4
29. Bxb5 cxb5 30. Nxd5 Qd8 31. Nf6+ Kf8 32. Rd1 Ng3 33. Qh2 Bxf4 34. exf4 Qxd4+
35. Rf2 e3 36. Bxe3 Qxd1+ 37. Kg2 Bb7+ 0-1

[Event "Sparkassen-Open A"]
[Site "Heusenstamm, Martinsee"]
[Date "2017.11.24"]
[Round "2.99"]
[White "Bethke, Robert"]
[Black "Wenzel, Calvin"]
[Result "1/2-1/2"]
[WhiteElo "1929"]
[BlackElo "1629"]
[PlyCount "106"]
[EventDate "2017.??.??"]
[WhiteTeam "SF Neuberg"]
[BlackTeam "SK Gernsheim"]

1. c4 e6 2. Nc3 Nf6 3. Nf3 d5 4. cxd5 Nxd5 5. g3 c6 6. Bg2 Nd7 7. O-O Bd6 8. d4
f5 9. Re1 N7f6 10. Bg5 Bb4 11. Qb3 Qa5 12. Bd2 Bxc3 13. bxc3 Ne4 14. Rac1 O-O
15. Rc2 Qb6 16. c4 Ndf6 17. e3 c5 18. Rb1 Qxb3 19. Rxb3 b6 20. Ng5 h6 21. Nxe4
Nxe4 22. dxc5 Bd7 23. cxb6 Ba4 24. bxa7 Bxb3 25. axb3 Rxa7 26. Bxe4 fxe4 27. b4
Rc8 28. c5 Kf7 29. c6 Ke7 30. b5 Ra1+ 31. Kg2 Rb1 32. Rc4 Rxb5 33. Bb4+ Kf6 34.
Bc3+ Kf7 35. c7 g6 36. Bb4 Rd5 37. Rc6 h5 38. Bd6 Rb5 39. Rc4 Rd5 40. Rc6 Ke8
41. Bb4 Kd7 42. Rc4 Rxc7 43. Rxe4 Rc2 44. Rf4 Rf5 45. Rd4+ Kc6 46. Rd6+ Kc7 47.
Rd2 Rxd2 48. Bxd2 Rb5 49. e4 Kd6 50. Kf3 e5 51. Be3 Rb3 52. g4 Rb4 53. gxh5
gxh5 1/2-1/2

[Event "Sparkassen-Open A"]
[Site "Heusenstamm, Martinsee"]
[Date "2017.11.24"]
[Round "2.100"]
[White "Reichel, Günther"]
[Black "Foerster-Yialamas, Lucas"]
[Result "0-1"]
[WhiteElo "1740"]
[BlackElo "1825"]
[PlyCount "88"]
[EventDate "2017.??.??"]
[WhiteTeam "SC-SF Stockstadt"]
[BlackTeam "SK Frankenthal"]

1. c4 c5 2. g3 Nc6 3. Bg2 g6 4. Nc3 Bg7 5. Nf3 d6 6. O-O e5 7. d3 Nge7 8. Bg5
h6 9. Bd2 O-O 10. Qc1 Kh7 11. Nd5 Nxd5 12. cxd5 Ne7 13. e4 f5 14. b4 fxe4 15.
dxe4 Bg4 16. Qa3 b6 17. bxc5 bxc5 18. Ba5 Qd7 19. Nd2 h5 20. Rfe1 g5 21. Nc4 h4
22. f3 Bh3 23. g4 Bxg2 24. Kxg2 Ng6 25. Bd2 Bh6 26. h3 Nf4+ 27. Bxf4 Rxf4 28.
Nb6 axb6 29. Qxa8 Qb5 30. Rab1 Qd3 31. Rf1 Qc2+ 32. Kg1 Rxf3 33. Rxf3 Qxb1+ 34.
Rf1 Qxe4 35. Rf8 Qe1+ 36. Rf1 Qg3+ 37. Kh1 Qxh3+ 38. Kg1 Qxg4+ 39. Kh1 Qh3+ 40.
Kg1 Qg3+ 41. Kh1 h3 42. Rg1 Qf3+ 43. Kh2 g4 44. Qb7+ Kg6 0-1

[Event "Sparkassen-Open A"]
[Site "Heusenstamm, Martinsee"]
[Date "2017.11.24"]
[Round "2.101"]
[White "Kulenovic, Adnan"]
[Black "Deuer, Marius"]
[Result "1-0"]
[WhiteElo "1927"]
[BlackElo "1754"]
[PlyCount "71"]
[EventDate "2017.??.??"]
[WhiteTeam "SV Kinzigtal"]
[BlackTeam "SC Weiße Dame Ulm"]

1. e3 Nf6 2. Nf3 g6 3. g3 Bg7 4. Bg2 O-O 5. c4 d6 6. O-O e5 7. Nc3 Nc6 8. a3
Be6 9. d3 d5 10. Ng5 Bg4 11. f3 Bf5 12. cxd5 Nxd5 13. e4 Nxc3 14. bxc3 Bd7 15.
Qc2 h6 16. Nh3 Qc8 17. Nf2 Be6 18. f4 a5 19. fxe5 Nxe5 20. d4 Nc4 21. Nd3 a4
22. Nc5 Na5 23. d5 Bd7 24. Rb1 b5 25. Re1 Re8 26. Bf1 Rb8 27. Be3 Re7 28. Bd3
Be8 29. Rb4 Kh7 30. Reb1 Qg4 31. Nxa4 Be5 32. Be2 Qh3 33. Bc5 Bxg3 34. Bf1
Bxh2+ 35. Qxh2 Qg4+ 36. Qg2 1-0

[Event "Sparkassen-Open A"]
[Site "Heusenstamm, Martinsee"]
[Date "2017.11.24"]
[Round "2.102"]
[White "Kammerer, Utz"]
[Black "Mehringer, Jörg"]
[Result "0-1"]
[WhiteElo "1719"]
[BlackElo "1927"]
[PlyCount "22"]
[EventDate "2017.??.??"]
[WhiteTeam "Heilbronner SV"]
[BlackTeam "Schachpinguine Berlin"]

1. e4 e5 2. Nf3 Nc6 3. Bc4 Nf6 4. Nc3 Bc5 5. O-O d6 6. d3 Bg4 7. h3 Bh5 8. g4
Nxg4 9. hxg4 Bxg4 10. Bxf7+ Kxf7 11. Be3 Qf6 0-1

[Event "Sparkassen-Open A"]
[Site "Heusenstamm, Martinsee"]
[Date "2017.11.24"]
[Round "2.103"]
[White "Iliev, Mustafa Batuhan"]
[Black "Tojcic, Josip"]
[Result "1-0"]
[WhiteElo "1808"]
[BlackElo "1722"]
[PlyCount "111"]
[EventDate "2017.??.??"]
[WhiteTeam "SV Großauheim"]
[BlackTeam "Frankfurter TV"]

1. e4 c6 2. d4 d5 3. exd5 cxd5 4. Bd3 Nf6 5. h3 e6 6. Nf3 Be7 7. c3 Bd7 8. Bf4
Bc6 9. Nbd2 Nbd7 10. O-O O-O 11. Qe2 Nh5 12. Bh2 g6 13. Ne5 Nxe5 14. Qxe5 Bf6
15. Qe2 a6 16. Rfe1 Re8 17. Nf3 Rc8 18. Be5 Bxe5 19. Nxe5 Qg5 20. Qf3 Qf4 21.
Re3 Re7 22. Rae1 Kg7 23. g4 Qxf3 24. Rxf3 Nf6 25. g5 Nd7 26. Ng4 Rc7 27. h4 Re8
28. Nf6 Rh8 29. h5 Nxf6 30. gxf6+ Kf8 31. Rg3 Ke8 32. Kg2 Kd7 33. Rh1 Rcc8 34.
Kf3 Kd6 35. Kf4 Rce8 36. Rgh3 Rhf8 37. Re1 Rh8 38. hxg6 hxg6 39. Reh1 Rxh3 40.
Rxh3 e5+ 41. Kg5 e4 42. Be2 Bd7 43. Rh7 Be6 44. Kh6 Rg8 45. Kg5 Rf8 46. Kh6 Rg8
47. f3 exf3 48. Bxf3 g5 49. Rg7 Rxg7 50. fxg7 f6 51. Kh7 f5 52. g8=Q Bxg8+ 53.
Kxg8 g4 54. Bd1 g3 55. Bf3 Ke6 56. Kg7 1-0

[Event "Sparkassen-Open A"]
[Site "Heusenstamm, Martinsee"]
[Date "2017.11.24"]
[Round "2.104"]
[White "Wüstehube, Harry"]
[Black "Bitzer, André"]
[Result "1-0"]
[WhiteElo "1923"]
[BlackElo "1719"]
[PlyCount "81"]
[EventDate "2017.??.??"]
[WhiteTeam "Kasseler SK"]
[BlackTeam "SV Griesheim"]

1. e4 d5 2. exd5 Qxd5 3. Nc3 Qd6 4. Bc4 Be6 5. Bxe6 Qxe6+ 6. Nge2 Nc6 7. O-O
O-O-O 8. d3 Nf6 9. a3 h5 10. b4 h4 11. Bd2 Qf5 12. f4 h3 13. g3 e6 14. Qe1 Kb8
15. Qf2 Ng4 16. Qf3 Be7 17. Ne4 Bf6 18. Nxf6 Nxf6 19. Bc3 Rhg8 20. Bb2 Qd5 21.
Qxd5 Nxd5 22. Rf3 f6 23. c4 Nb6 24. Re1 e5 25. fxe5 Nxe5 26. Bxe5 fxe5 27. Nc3
Nd7 28. Ne4 g5 29. g4 Rdf8 30. Ref1 Rf4 31. Rg3 a6 32. Rxh3 Rxg4+ 33. Rg3 Rxg3+
34. hxg3 g4 35. Rf7 Kc8 36. Kf2 Kd8 37. Kg2 Ke8 38. Rh7 Kd8 39. Rf7 Ke8 40. Rh7
Kd8 41. Rxd7+ 1-0

[Event "Sparkassen-Open A"]
[Site "Heusenstamm, Martinsee"]
[Date "2017.11.24"]
[Round "2.105"]
[White "Riemann, Jonas"]
[Black "Kornitzky, Tino"]
[Result "1/2-1/2"]
[WhiteElo "1717"]
[BlackElo "1922"]
[PlyCount "102"]
[EventDate "2017.??.??"]
[WhiteTeam "SK Bickenbach"]
[BlackTeam "SC Erlangen"]

1. e4 c5 2. Nf3 d6 3. d4 cxd4 4. Nxd4 Nf6 5. Nc3 g6 6. Be3 Bg7 7. Qd2 Nc6 8. f3
O-O 9. g4 Nxd4 10. Bxd4 Be6 11. Nd5 Bxd5 12. exd5 Rc8 13. h4 Re8 14. O-O-O Qc7
15. Rh2 e6 16. dxe6 fxe6 17. h5 Nd5 18. Bxg7 Qxg7 19. hxg6 hxg6 20. Bd3 Rf8 21.
Rdh1 Nf4 22. Rh8+ Qxh8 23. Rxh8+ Kxh8 24. Bxg6 Kg7 25. Be4 d5 26. Qd4+ Kg8 27.
Bd3 e5 28. Qe3 d4 29. Qe4 Rc7 30. Kd2 Re8 31. Qf5 Nxd3 32. Qxd3 Re6 33. Qf5
Rce7 34. Qg5+ Kf7 35. Qh5+ Kg7 36. Kd3 Rf6 37. g5 Rg6 38. Qg4 Rf7 39. a3 Rb6
40. Qe4 Rb5 41. Qg4 Rxb2 42. Qh5 Rb6 43. g6 Rxg6 44. Qxe5+ Kh7 45. Kxd4 Rgf6
46. Qh5+ Kg7 47. Qg5+ Kf8 48. Qc5+ Re7 49. Qh5 Rd6+ 50. Kc3 Rc7+ 51. Kb2 Rb6+
1/2-1/2

[Event "Sparkassen-Open A"]
[Site "Heusenstamm, Martinsee"]
[Date "2017.11.24"]
[Round "2.106"]
[White "Schmitt, Clemens"]
[Black "Khamenya, Vitalia"]
[Result "0-1"]
[WhiteElo "1713"]
[BlackElo "1913"]
[PlyCount "114"]
[EventDate "2017.??.??"]
[WhiteTeam "SV Bergwinkel"]
[BlackTeam "SK Gräfelfing"]

1. c4 e5 2. g3 Nc6 3. Bg2 Bc5 4. Nc3 a6 5. e3 d6 6. Nge2 h5 7. d4 Ba7 8. h3 Nh6
9. d5 Ne7 10. Bf3 Nhg8 11. Ne4 f5 12. Ng5 e4 13. Bg2 Ng6 14. h4 Ne5 15. Nf4 Nf6
16. b3 Nfg4 17. O-O Qe7 18. Nfe6 Bxe6 19. Nxe6 Kd7 20. Bd2 Rag8 21. Ng5 Nf7 22.
Nxf7 Qxf7 23. Qe2 g5 24. f3 exf3 25. Bxf3 Ne5 26. Kh1 gxh4 27. gxh4 Qf6 28. Bc3
Qxh4+ 29. Qh2 Qxh2+ 30. Kxh2 Bxe3 31. Rae1 f4 32. c5 Rh6 33. c6+ bxc6 34. Bxe5
dxe5 35. dxc6+ Ke6 36. Re2 Rhg6 37. Bg2 Rg3 38. Bh3+ Kd6 39. Bg2 h4 40. Rc2 h3
41. Rd1+ Bd4 42. Be4 Ke6 43. Rd3 Bg1+ 44. Kh1 Rxd3 45. Bxd3 Rg3 46. Be4 h2 47.
Rd2 f3 48. Bd5+ Kf5 49. Bc4 f2 50. Rd7 e4 51. Rxc7 Rg6 52. Rf7+ Ke5 53. c7 Rc6
54. Re7+ Kd6 55. Rxe4 Rxc4 56. Rxc4 f1=Q 57. Rc3 Bb6+ 0-1

[Event "Sparkassen-Open A"]
[Site "Heusenstamm, Martinsee"]
[Date "2017.11.24"]
[Round "2.107"]
[White "Hochmuth, Christian"]
[Black "Niedenthal, Robert"]
[Result "1/2-1/2"]
[WhiteElo "1911"]
[BlackElo "1717"]
[PlyCount "102"]
[EventDate "2017.??.??"]
[WhiteTeam "SG Wächtersbach"]
[BlackTeam "SV Hofheim"]

1. c4 c5 2. Nc3 Nc6 3. g3 g6 4. Bg2 Bg7 5. Nf3 e5 6. d3 Nge7 7. O-O O-O 8. Ne1
d6 9. Rb1 Be6 10. Nd5 Rb8 11. e4 h6 12. Nc2 f5 13. exf5 Nxf5 14. Be4 Kh7 15.
Nce3 Qd7 16. f3 Ncd4 17. b4 b6 18. b5 Rf7 19. a4 Rbf8 20. a5 Nxe3 21. Nxe3 bxa5
22. Ra1 Nf5 23. Rxa5 Nxe3 24. Bxe3 Rd8 25. Bc6 Qc7 26. Ra6 Bc8 27. Ra4 Qb8 28.
Bd5 Re7 29. Qb3 Bb7 30. Be4 Red7 31. Bd5 Bxd5 32. cxd5 Rb7 33. Rb1 Qc7 34. Ra6
Rdb8 35. Qa4 Qf7 36. Qe4 Rxb5 37. Rc1 Rb4 38. Rc4 Rb1+ 39. Kg2 R8b2+ 40. Bf2
Rd1 41. Rxd6 Rdd2 42. Qe3 Rxf2+ 43. Qxf2 Rxf2+ 44. Kxf2 Bf8 45. Rd8 Qe7 46. Ra8
Kg7 47. Ra4 Qd6 48. R4xa7+ Kg8 49. Rc8 Qxd5 50. Raa8 Qd4+ 51. Ke2 Qb2+ 1/2-1/2

[Event "Sparkassen-Open A"]
[Site "Heusenstamm, Martinsee"]
[Date "2017.11.24"]
[Round "2.108"]
[White "Wolff, Peter"]
[Black "Völler, Lothar"]
[Result "1-0"]
[WhiteElo "1906"]
[BlackElo "1708"]
[PlyCount "109"]
[EventDate "2017.??.??"]
[WhiteTeam "VSG Offenbach"]
[BlackTeam "FS Dortmund"]

1. c4 Nf6 2. g3 e6 3. Bg2 d5 4. Nf3 Be7 5. O-O O-O 6. b3 c5 7. Bb2 Nc6 8. e3
Rb8 9. d3 a6 10. Nc3 b5 11. cxd5 exd5 12. Ne2 Bb7 13. Nf4 c4 14. Qe2 Nb4 15. a3
Nc6 16. bxc4 bxc4 17. dxc4 dxc4 18. Qxc4 Na5 19. Qe2 Bc6 20. Rfd1 Qb6 21. Bd4
Qb7 22. Be5 Rbd8 23. Rdb1 Qa8 24. Bc7 Bb5 25. Qe1 Nc4 26. Bxd8 Qxd8 27. a4 Bc6
28. Rc1 Bxf3 29. Rxc4 Bxg2 30. Nxg2 a5 31. Qe2 Bb4 32. Rac1 Qd7 33. Qc2 g6 34.
Nf4 h5 35. Rc7 Qg4 36. h3 Qf3 37. Nxg6 Bd6 38. Nh4 Qd5 39. Rc8 Ne4 40. Rxf8+
Bxf8 41. Rd1 Qe6 42. Kg2 Ng5 43. Qf5 Qc6+ 44. Nf3 Be7 45. Rd5 Nxf3 46. Qxf3
Qxa4 47. Rxh5 Qb4 48. Qa8+ Bf8 49. Rxa5 f6 50. Qd5+ Kh8 51. Ra7 f5 52. Qe5+ Kg8
53. Qe6+ Kh8 54. Qf6+ Kg8 55. Qf7+ 1-0

[Event "Sparkassen-Open A"]
[Site "Heusenstamm, Martinsee"]
[Date "2017.11.24"]
[Round "2.109"]
[White "Thomele, Michael"]
[Black "Traut, Stefan"]
[Result "1-0"]
[WhiteElo "1901"]
[BlackElo "1695"]
[PlyCount "111"]
[EventDate "2017.??.??"]
[WhiteTeam "SC Obernau"]
[BlackTeam "SF Heusenstamm"]

1. e4 d5 2. exd5 Qxd5 3. Nf3 Nf6 4. Nc3 Qa5 5. h3 e6 6. Bc4 Be7 7. d3 c6 8. Bd2
Qc7 9. a3 Nbd7 10. Qe2 b6 11. Ng5 Nd5 12. Nge4 Bb7 13. O-O-O O-O-O 14. Kb1 h6
15. Bb3 N7f6 16. Rhe1 Rhe8 17. g3 Qd7 18. f4 a6 19. Na4 b5 20. Nac5 Bxc5 21.
Nxc5 Qc7 22. c4 Ne7 23. g4 Nd7 24. Ne4 Kb8 25. Rc1 Ng6 26. Rf1 f5 27. Nc3 Nc5
28. Bc2 Qd6 29. d4 Nd7 30. Be3 Qf8 31. Bg1 Qf6 32. Na2 Nb6 33. Bd3 Rc8 34. Qc2
Rf8 35. Qc3 Qd8 36. Rce1 Qf6 37. Qa5 Nd7 38. Nb4 Rc7 39. Nxa6+ Bxa6 40. Qxa6
Rfc8 41. Qa5 Ra7 42. Qc3 Rb7 43. Qc2 Ne7 44. Re2 Nf8 45. Rfe1 Ka8 46. Qd2 Rcc7
47. Re5 Nc8 48. cxb5 cxb5 49. Rxb5 Rxb5 50. Bxb5 Qd8 51. Re5 Qd6 52. gxf5 exf5
53. Re8 Ng6 54. d5 Nxf4 55. Qa5+ Kb8 56. Bc6 1-0

[Event "Sparkassen-Open A"]
[Site "Heusenstamm, Martinsee"]
[Date "2017.11.24"]
[Round "2.110"]
[White "Bakiev, Diyor"]
[Black "Marchese, Gaspare"]
[Result "0-1"]
[WhiteElo "1664"]
[BlackElo "1899"]
[PlyCount "150"]
[EventDate "2017.??.??"]
[WhiteTeam "SV Ffm-Griesheim"]
[BlackTeam "SC Matt im Park"]

1. e4 e6 2. d4 d5 3. e5 c5 4. c3 Nc6 5. Nf3 Nge7 6. Bd3 Bd7 7. Be3 cxd4 8. cxd4
Nb4 9. Nc3 Nxd3+ 10. Qxd3 Nf5 11. Bf4 h5 12. Ne2 h4 13. Rg1 Rc8 14. g4 hxg3 15.
fxg3 Qb6 16. g4 Bb5 17. Qd2 Nh4 18. Nxh4 Rxh4 19. Nc3 Ba6 20. Qf2 Rh3 21. Rg3
Rxg3 22. hxg3 Ba3 23. bxa3 Rxc3 24. Qd2 Rf3 25. Qg2 Qxd4 26. Qxf3 Qxa1+ 27. Qd1
Qxd1+ 28. Kxd1 Bc4 29. Be3 a6 30. Bc5 Kd7 31. g5 Kc6 32. Bf8 g6 33. Kc2 d4 34.
Kd2 Kd5 35. Bd6 Ke4 36. Bc7 Bxa2 37. Bd6 Bc4 38. Bc7 Kf5 39. Bd6 b6 40. Bc7 a5
41. Bxb6 Kxe5 42. Bxa5 Kd5 43. Kc2 e5 44. Bd2 e4 45. Ba5 e3 46. Bb6 Ke4 47. Kd1
d3 48. Ba5 Bb3+ 49. Ke1 d2+ 50. Bxd2 exd2+ 51. Kxd2 Kf3 52. Kc3 Ba4 53. Kd4 Kg4
54. Ke4 Kxg5 55. Kf3 Bc6+ 56. Ke3 Kg4 57. Kf2 f6 58. a4 Bxa4 59. Kg2 Bc6+ 60.
Kh2 f5 61. Kg1 Kxg3 62. Kf1 f4 63. Kg1 f3 64. Kf1 Bb5+ 65. Ke1 f2+ 66. Kd2 f1=Q
67. Kc3 Qc4+ 68. Kb2 Ba4 69. Kb1 Kf3 70. Kb2 g5 71. Kb1 g4 72. Kb2 g3 73. Ka1
g2 74. Kb1 g1=Q+ 75. Kb2 Qgc1# 0-1

[Event "Sparkassen-Open A"]
[Site "Heusenstamm, Martinsee"]
[Date "2017.11.24"]
[Round "2.111"]
[White "Hinrichs, Paul"]
[Black "Seepe, Uwe"]
[Result "1-0"]
[WhiteElo "1844"]
[BlackElo "1662"]
[PlyCount "31"]
[EventDate "2017.??.??"]
[WhiteTeam "SK Bingen"]
[BlackTeam "SV Königsspringer Lemgo"]

1. d4 d5 2. c4 Nc6 3. Nc3 e6 4. Nf3 Nf6 5. cxd5 Nxd5 6. e4 Nxc3 7. bxc3 Bd6 8.
e5 Be7 9. Bd3 a6 10. O-O b5 11. a4 b4 12. Be4 Bb7 13. cxb4 Bxb4 14. a5 Be7 15.
Rb1 Rb8 16. Rxb7 1-0

[Event "Sparkassen-Open A"]
[Site "Heusenstamm, Martinsee"]
[Date "2017.11.24"]
[Round "2.112"]
[White "Gude, Michael"]
[Black "Sauer, Bernd"]
[Result "0-1"]
[WhiteElo "1659"]
[BlackElo "1862"]
[PlyCount "34"]
[EventDate "2017.??.??"]
[WhiteTeam "SF Fürth"]
[BlackTeam "SF Essen-Katernberg"]

1. e4 c6 2. d4 d5 3. e5 Bf5 4. Nc3 e6 5. g4 Bg6 6. Nge2 c5 7. Nf4 cxd4 8. Qxd4
Nc6 9. Qa4 Nge7 10. Bd3 a6 11. Nxg6 Nxg6 12. Bxg6 hxg6 13. Ne2 b5 14. Qf4 Qc7
15. a4 b4 16. c3 Nxe5 17. Bd2 Nd3+ 0-1

[Event "Sparkassen-Open A"]
[Site "Heusenstamm, Martinsee"]
[Date "2017.11.24"]
[Round "2.113"]
[White "Rieger, Mario"]
[Black "Dolaberidze, Nico"]
[Result "1-0"]
[WhiteElo "1897"]
[BlackElo "1454"]
[PlyCount "95"]
[EventDate "2017.??.??"]
[WhiteTeam "MS Halver-Schalksmühle"]
[BlackTeam "SV Neu-Isenburg"]

1. d4 d5 2. c4 e6 3. Nc3 Nf6 4. Bg5 Be7 5. Nf3 Nc6 6. e3 O-O 7. Rc1 a6 8. Bd3
h6 9. Bh4 dxc4 10. Bxc4 Nh5 11. Bxe7 Qxe7 12. O-O Nf6 13. Re1 e5 14. h3 e4 15.
Nd2 Bf5 16. Nd5 Qd6 17. Nxf6+ Qxf6 18. Bd5 Rfe8 19. Bxc6 bxc6 20. Rc5 Rad8 21.
Qa4 Re6 22. Qxa6 Rd5 23. Rec1 Rxc5 24. Rxc5 Qg6 25. Kh2 Rf6 26. Qe2 Rd6 27. Nc4
Re6 28. Ne5 Qf6 29. Qc2 Re8 30. Rxc6 Qg5 31. Rxc7 Bg6 32. Nxg6 Qxg6 33. Qc6 Re6
34. Qa8+ Kh7 35. Rc8 Qf6 36. Rc2 Qe7 37. Qd5 Qe8 38. Qc4 Qd8 39. b4 Qb8+ 40. g3
Qb6 41. a4 Qa7 42. a5 h5 43. Qc7 Qa6 44. Qxf7 Rh6 45. Qf5+ Rg6 46. Qxe4 Qb5 47.
d5 Qd7 48. Rc6 1-0

[Event "Sparkassen-Open A"]
[Site "Heusenstamm, Martinsee"]
[Date "2017.11.24"]
[Round "2.114"]
[White "Masoudi, Kian"]
[Black "Laux, Dominik"]
[Result "1/2-1/2"]
[WhiteElo "1581"]
[BlackElo "1888"]
[PlyCount "74"]
[EventDate "2017.??.??"]
[WhiteTeam "SC Bergen-Enkheim"]
[BlackTeam "VSG Offenbach"]

1. e4 g6 2. d4 Bg7 3. Nc3 c6 4. Bg5 Qb6 5. Nge2 Qxb2 6. Rb1 Qa3 7. g3 d6 8. Bg2
Nd7 9. O-O Qa5 10. Qd2 Qc7 11. d5 Ngf6 12. Bh6 O-O 13. Bxg7 Kxg7 14. f4 cxd5
15. Nxd5 Nxd5 16. exd5 Nf6 17. Rfc1 b6 18. c4 Ba6 19. Nc3 Nd7 20. Kh1 Nc5 21.
a4 Nb7 22. Nb5 Qd7 23. Nd4 Rfc8 24. Nc6 Nd8 25. Nb4 Bb7 26. Ra1 Rc5 27. Nd3 Ra5
28. Nb2 Rc8 29. Re1 Ba6 30. h3 Nb7 31. Re2 Rac5 32. Rc1 Na5 33. Rce1 Re8 34.
Qd4+ Kg8 35. Rc2 Qc7 36. Bf1 Bb7 37. Bg2 Rc8 1/2-1/2

[Event "Heusenstamm Sparkassen Open"]
[Site "Heusenstamm"]
[Date "2017.11.24"]
[Round "3.1"]
[White "Lisanti, Andre"]
[Black "Sumets, Andrey"]
[Result "0-1"]
[WhiteElo "2249"]
[BlackElo "2588"]
[PlyCount "50"]
[EventDate "2017.??.??"]

1. e4 e6 2. Nf3 d5 3. e5 Bd7 4. c4 dxc4 5. Bxc4 c5 6. Nc3 Nc6 7. O-O Nge7 8. b4
Nxb4 9. d4 cxd4 10. Ne4 Ng6 11. Rb1 b5 12. Bg5 Qb6 13. Bb3 h6 14. Bc1 Bc6 15.
Re1 Rd8 16. a3 Na6 17. Bc2 Nc5 18. Nxc5 Bxc5 19. Qd3 a6 20. h4 Bxf3 21. gxf3
Nxh4 22. a4 b4 23. a5 Qb5 24. Qe4 d3 25. Bxd3 Qxd3 0-1